|
|
|
|
| LEADER |
01480nam a2200301 a 4500 |
| 001 |
14382296 |
| 008 |
100418r20082006njua b 001 0 eng d |
| 010 |
|
|
|a \\2006276085
|
| 020 |
|
|
|a 9788177587746
|
| 020 |
|
|
|a 0131873164
|
| 040 |
|
|
|a SINTU
|c SINTU
|d IXA
|d BAKER
|d DLC
|d BD-DhAAL
|
| 082 |
0 |
0 |
|a 005.8
|2 22
|
| 100 |
1 |
|
|a Stallings, William.
|
| 245 |
1 |
0 |
|a Cryptography and network security :
|b principles and practice /
|c William Stallings.
|
| 250 |
|
|
|a 4th ed.
|
| 260 |
|
|
|a Upper Saddle River, N.J. ;
|a New Delhi :
|b Pearson/Prentice Hall,
|c c2006 [reprinted 2008].
|
| 300 |
|
|
|a xvi, 680 p. :
|b ill. ;
|c 24 cm.
|
| 504 |
|
|
|a Includes bibliographical references (p. 663-672) and index.
|
| 541 |
1 |
|
|e 00018062
|
| 650 |
|
0 |
|a Computer networks
|x Security measures.
|
| 650 |
|
0 |
|a Data encryption (Computer science)
|
| 650 |
|
0 |
|a Coding theory.
|
| 650 |
|
0 |
|a Computer security.
|
| 852 |
4 |
|
|a Ayesha Abed Library
|j General Shelf
|
| 999 |
|
|
|c 8123
|d 8123
|
| 952 |
|
|
|0 0
|1 0
|2 ddc
|4 0
|6 005_800000000000000_STA_2008
|7 0
|9 9273
|a BRACUL
|b BRACUL
|c GEN
|d 2010-04-18
|l 6
|m 81
|o 005.8 STA
|p 3010018062
|r 2026-02-16
|s 2025-11-09
|t 1
|w 2010-04-18
|y BK
|
| 952 |
|
|
|0 0
|1 0
|2 ddc
|4 0
|6 005_800000000000000_STA
|7 0
|9 11939
|a BRACUL
|b BRACUL
|c GEN
|d 2010-09-21
|l 4
|m 26
|o 005.8 STA
|p 3010018061
|q 2026-06-02
|r 2026-05-16
|s 2026-05-16
|t 2
|w 2010-09-21
|y BK
|x Koha Inventory 2020
|
| 952 |
|
|
|0 0
|1 0
|2 ddc
|4 0
|6 005_800000000000000_STA_2006
|7 0
|9 12406
|a BRACUL
|b BRACUL
|c GEN
|d 2010-10-11
|l 6
|m 18
|o 005.8 STA
|p 3010021161
|r 2025-08-11
|s 2025-07-09
|t 3
|w 2010-10-11
|y BK
|